01959nam a2200361 a 4500001001500000005001700015008004100032020003500073020003000108040000600138082002200144100001900166245017100185250001300356260003600369300002200405490002600427520072000453700002201173700002201195700001701217700002401234700001901258700001701277700001701294700001901311700001801330830002601348856008201374942001201456999001701468952011201485ASIN174179780220170105102926.0131211s2011 xxu eng d a1741797802 (paperback)c$31.99 a9781741797800 (paperback) a0 a915.404bIND 20111 aSingh, Sarina.00aLonely planet india /cSarina Singh, Michael Benanav, Daniel McCrohan, John Noble, Anirban Mahapatra, Abigail Hole, Kevin Raub, Kate James, Mark Elliott, Amy Karafin. a14th ed. a[S.l.] :bLonely Planet,c2011. a1220 p. ;c20 cm.1 aCountry travel guide. a“India’s diversity is apparent in its architecture, landscapes, festivals and handicrafts. And spirituality – the beating heart of India – pulsates from the mountains of Ladakh to the shores of tropical Kerala.” – Sarina Singh, Lonely Planet Writer Our Promise You can trust our travel information because Lonely Planet writers visit the places we write about, each and every edition. We never accept freebies for positive coverage, and you can rely on us to tell it like we see it. Inside This Book… 17 authors 83 weeks of research 132 ancient temples 196 maps Inspirational photos Clear, easy-to-use maps Delhi pull-out map 3D plans of iconic sights Comprehensive planning tools In-depth background.1 aBenanav, Michael.1 aMcCrohan, Daniel.1 aNoble, John.1 aMahapatra, Anirban.1 aHole, Abigail.1 aRaub, Kevin.1 aJames, Kate.1 aElliott, Mark.1 aKarafin, Amy. 0aCountry travel guide.403Amazon.comuhttp://www.amazon.com/exec/obidos/ASIN/1741797802/chopaconline-20 2ddccBK c15813d15813 001040708NFICaCIPSbCIPScGENd2013-10-02l0o915.404 IND 2011pCIPS0001944r2013-12-12w2013-12-12yBK